Leading Inssues in Economics Development (Record no. 1378)

MARC details
000 -LEADER
fixed length control field 00438nam a22001697a 4500
005 - DATE AND TIME OF LATEST TRANSACTION
control field 20160523101829.0
008 - FIXED-LENGTH DATA ELEMENTS--GENERAL INFORMATION
fixed length control field 160523b xxu||||| |||| 00| 0 eng d
020 ## - INTERNATIONAL STANDARD BOOK NUMBER
ISBN 0-19-511589-9
041 ## - LANGUAGE CODE
Language code of text/sound track or separate title eng
082 ## - DEWEY DECIMAL CLASSIFICATION NUMBER
Item number 4102
100 ## - MAIN ENTRY--AUTHOR NAME
Personal name Meier/ Gerald M. Rauch / James -L
245 ## - TITLE STATEMENT
Title Leading Inssues in Economics Development
260 ## - PUBLICATION, DISTRIBUTION, ETC. (IMPRINT)
Place of publication New Delhi
Name of publisher Academic Faundation
300 ## - PHYSICAL DESCRIPTION
Number of Pages 566
650 ## - SUBJECT ADDED ENTRY--TOPICAL TERM
Topical Term Management
942 ## - ADDED ENTRY ELEMENTS (KOHA)
Koha item type Books
Holdings
Lost status Damaged status Collection code Home library Current library Shelving location Date acquired Source of acquisition Cost, normal purchase price Full call number Accession Number Koha item type
    MANAGEMENT JRU Library JRU Library SHELF-58-G 23/05/2016 PURCHASE 330.00 4102 4102 Books